[Event "FIDE Open World Blitz 2021"]
[Site "Warsaw"]
[Date "2021.12.30"]
[Round "20.14"]
[White "Shoker, Samy"]
[Black "Klimkowski, Jan"]
[Result "1-0"]
[WhiteElo "2504"]
[BlackElo "2015"]
[Annotator "ChessBase"]
[PlyCount "111"]
[EventDate "2021.12.29"]
[EventType "swiss"]
[EventCountry "POL"]
[Tiebreak "Cut1 Buchholz"]
[SourceTitle "playchess.com"]
[Source "ChessBase"]
[SourceQuality "1"]

1. Nf3 Nf6 2. g3 b5 3. c3 Bb7 4. Bg2 e6 5. a4 a6 6. Na3 Bxa3 7. Rxa3 O-O 8. O-O
d6 9. d3 Nbd7 10. e4 e5 11. Be3 Bc6 12. axb5 axb5 13. Qa1 Qb8 14. h3 b4 15.
Rxa8 Bxa8 16. Nd2 Bc6 17. d4 exd4 18. cxd4 Re8 19. f3 Bb5 20. Re1 Bd3 21. Bf2
Qb7 22. Qc1 Re7 23. h4 Nb6 24. e5 Nfd5 25. f4 g6 26. Nf3 Kg7 27. h5 Bf5 28.
hxg6 hxg6 29. Nh4 Qc8 30. Qc6 Bd7 31. Qc2 Bf5 32. Nxf5+ Qxf5 33. Qxf5 gxf5 34.
Ra1 c6 35. Ra6 dxe5 36. dxe5 Rb7 37. b3 f6 38. exf6+ Kxf6 39. Bxd5 Nxd5 40.
Rxc6+ Kf7 41. Rd6 Nf6 42. Be1 Re7 43. Rd1 Re3 44. Rb1 Ne4 45. Kg2 Ke6 46. Bxb4
Rxg3+ 47. Kf1 Rf3+ 48. Ke2 Rxf4 49. Be1 Rg4 50. b4 Rg8 51. b5 Kd5 52. b6 Kc6
53. Ba5 Rg2+ 54. Kf3 Rg7 55. Rc1+ Kb7 56. Kf4 1-0

[Event "FIDE Open World Blitz 2021"]
[Site "Warsaw"]
[Date "2021.12.30"]
[Round "20.14"]
[White "Quparadze, Giga"]
[Black "Vidit, Santosh Gujrathi"]
[Result "1/2-1/2"]
[WhiteElo "2475"]
[BlackElo "2727"]
[Annotator "ChessBase"]
[PlyCount "94"]
[EventDate "2021.12.29"]
[EventType "swiss"]
[EventCountry "POL"]
[Tiebreak "Cut1 Buchholz"]
[SourceTitle "playchess.com"]
[Source "ChessBase"]
[SourceQuality "1"]

1. e4 e5 2. Nf3 Nc6 3. Bb5 Nf6 4. d3 Bc5 5. O-O Nd4 6. Nxd4 Bxd4 7. c3 Bb6 8.
Ba4 c6 9. Bg5 h6 10. Bh4 d6 11. Kh1 g5 12. Bg3 h5 13. f3 h4 14. Bf2 Bxf2 15.
Rxf2 Nh5 16. d4 Qf6 17. Kg1 Nf4 18. Na3 Kf8 19. Bb3 Kg7 20. Nc4 Rd8 21. Ne3 d5
22. exd5 exd4 23. Qxd4 Qxd4 24. cxd4 cxd5 25. Rd2 Be6 26. g3 Nh5 27. Kf2 hxg3+
28. hxg3 f5 29. Rc1 Rd7 30. Re1 f4 31. gxf4 Nxf4 32. Ng2 Kf6 33. Nxf4 gxf4 34.
Rde2 Bf5 35. Rh1 Rg8 36. Rh6+ Rg6 37. Rh5 Rdg7 38. Rxf5+ Kxf5 39. Bc2+ Kf6 40.
Bxg6 Rxg6 41. Re8 Rh6 42. Kg2 Rg6+ 43. Kf1 Rh6 44. Rb8 b6 45. Kg2 Rg6+ 46. Kf2
Rh6 47. Kg2 Rg6+ 1/2-1/2

[Event "FIDE Open World Blitz 2021"]
[Site "Warsaw"]
[Date "2021.12.30"]
[Round "20.15"]
[White "Karjakin, Sergey"]
[Black "Kobalia, Mikhail"]
[Result "0-1"]
[WhiteElo "2743"]
[BlackElo "2600"]
[Annotator "ChessBase"]
[PlyCount "54"]
[EventDate "2021.12.29"]
[EventType "swiss"]
[EventCountry "POL"]
[Tiebreak "Cut1 Buchholz"]
[SourceTitle "playchess.com"]
[Source "ChessBase"]
[SourceQuality "1"]

1. b3 e5 2. Bb2 Nc6 3. e3 g6 4. Nf3 Bg7 5. c4 Nge7 6. b4 d6 7. b5 Nb8 8. d4 Nd7
9. Be2 O-O 10. O-O Nf5 11. Nc3 exd4 12. exd4 Nb6 13. h3 Nh4 14. Nxh4 Qxh4 15.
c5 dxc5 16. dxc5 Nc4 17. Qa4 Be6 18. Rac1 a6 19. Ba1 axb5 20. Qxb5 Nd2 21. Rfd1
Rad8 22. Qxb7 Bd4 23. Kh1 Bxf2 24. Qxc7 Bg3 25. Qc6 Bxh3 26. Rxd2 Bg4+ 27. Kg1
Qh2+ 0-1

[Event "FIDE Open World Blitz 2021"]
[Site "Warsaw"]
[Date "2021.12.30"]
[Round "20.16"]
[White "Petrosian, Tigran L."]
[Black "Adly, Ahmed"]
[Result "1/2-1/2"]
[WhiteElo "2602"]
[BlackElo "2602"]
[Annotator "ChessBase"]
[PlyCount "67"]
[EventDate "2021.12.29"]
[EventType "swiss"]
[EventCountry "POL"]
[Tiebreak "Cut1 Buchholz"]
[SourceTitle "playchess.com"]
[Source "ChessBase"]
[SourceQuality "1"]

1. Nf3 Nf6 2. g3 g6 3. d3 d5 4. Bg2 Bg7 5. Nbd2 O-O 6. e4 dxe4 7. dxe4 Nc6 8.
O-O e5 9. c3 Qe7 10. Qc2 a5 11. Re1 Rd8 12. Nc4 h6 13. b3 b5 14. Ne3 Be6 15.
Bb2 Qc5 16. Rac1 a4 17. b4 Qe7 18. a3 Bb3 19. Qb1 Qe6 20. Bf1 Ba2 21. Qc2 Bb3
22. Qb1 Ba2 23. Qa1 Nxe4 24. c4 Bb3 25. cxb5 Nd4 26. Nxd4 exd4 27. Ng2 Qf5 28.
f4 Nd2 29. Nh4 Qh5 30. Bg2 g5 31. fxg5 hxg5 32. Nf5 Nf3+ 33. Bxf3 Qxf3 34. Rf1
1/2-1/2

[Event "FIDE Open World Blitz 2021"]
[Site "Warsaw"]
[Date "2021.12.30"]
[Round "20.16"]
[White "Yuffa, Daniil"]
[Black "Heimann, Andreas"]
[Result "1-0"]
[WhiteElo "2567"]
[BlackElo "2584"]
[Annotator "ChessBase"]
[PlyCount "87"]
[EventDate "2021.12.29"]
[EventType "swiss"]
[EventCountry "POL"]
[Tiebreak "Cut1 Buchholz"]
[SourceTitle "playchess.com"]
[Source "ChessBase"]
[SourceQuality "1"]

1. d4 Nf6 2. c4 e6 3. g3 c5 4. d5 exd5 5. cxd5 d6 6. Nc3 g6 7. Bg2 Bg7 8. Nf3
O-O 9. O-O Re8 10. Bf4 Bf5 11. a4 Ne4 12. Nd2 Nxc3 13. bxc3 g5 14. Be3 Bxc3 15.
Ra3 Bg7 16. Nc4 Na6 17. Qc1 Bf6 18. h4 gxh4 19. Bf4 h3 20. Bf3 Be7 21. e4 Bg6
22. e5 dxe5 23. Bxe5 Nb4 24. d6 Bg5 25. Bf4 Bxf4 26. Qxf4 Nc2 27. Rb3 b6 28.
Bxa8 Qxa8 29. f3 Nd4 30. Re3 Ne2+ 31. Rxe2 Rxe2 32. d7 Qd8 33. Rd1 Kg7 34. Ne5
c4 35. Nc6 h2+ 36. Kh1 Qa8 37. d8=Q Qxc6 38. Qfd4+ f6 39. Q8d7+ Qxd7 40. Qxd7+
Kh6 41. Qh3+ Kg7 42. Rd7+ Kf8 43. Rxa7 c3 44. Qc8+ 1-0

[Event "FIDE Open World Blitz 2021"]
[Site "Warsaw"]
[Date "2021.12.30"]
[Round "20.17"]
[White "Sargsyan, Shant"]
[Black "Gelfand, Boris"]
[Result "1/2-1/2"]
[WhiteElo "2628"]
[BlackElo "2674"]
[Annotator "ChessBase"]
[PlyCount "192"]
[EventDate "2021.12.29"]
[EventType "swiss"]
[EventCountry "POL"]
[Tiebreak "Cut1 Buchholz"]
[SourceTitle "playchess.com"]
[Source "ChessBase"]
[SourceQuality "1"]

1. d4 Nf6 2. c4 e6 3. Nf3 d5 4. Nc3 c6 5. Bg5 h6 6. Bxf6 Qxf6 7. e3 g6 8. Be2
Bg7 9. O-O Nd7 10. cxd5 exd5 11. b4 O-O 12. b5 Qd6 13. bxc6 bxc6 14. Rc1 Nb6
15. Na4 Bf5 16. Nc5 Rab8 17. Qd2 Rfe8 18. Qa5 Re7 19. Rc3 g5 20. Rfc1 g4 21.
Nh4 Bc8 22. Nb3 Rc7 23. g3 Bf6 24. Ng2 h5 25. e4 dxe4 26. Qxh5 Nd5 27. Rc5 Bg7
28. Ne3 Nxe3 29. fxe3 Be6 30. Bxg4 Bxb3 31. axb3 Rxb3 32. Qg5 Qe7 33. Qf4 Rbb7
34. Rxc6 Rxc6 35. Rxc6 Rb1+ 36. Kg2 Rb2+ 37. Kh3 Rb6 38. Rxb6 axb6 39. Qb8+ Qf8
40. Qxb6 Bh6 41. d5 Bg5 42. d6 Qh6+ 43. Kg2 Qf6 44. Qb8+ Kg7 45. d7 Qe7 46. h4
Bf6 47. Kh3 Kh7 48. Bf5+ Kg7 49. Qf4 Qd8 50. Qxe4 Be7 51. Qg4+ Kf8 52. Qh5 Bf6
53. Qh6+ Ke7 54. Qf4 Kf8 55. Qd6+ Kg7 56. e4 Be7 57. Qd4+ Kg8 58. e5 Qa8 59.
Be4 Qd8 60. Qd5 Qb6 61. Bf5 Kf8 62. e6 fxe6 63. Bxe6 Bf6 64. Qf5 Ke7 65. Bc4
Qd6 66. Qh7+ Kd8 67. Be2 Qxd7+ 68. Qxd7+ Kxd7 69. Kg4 Ke7 70. Kh5 Bc3 71. g4
Kf6 72. g5+ Kg7 73. Kg4 Kf8 74. h5 Ke7 75. Bc4 Bd2 76. Kf5 Bc1 77. h6 Bd2 78.
Bb3 Be3 79. Kg4 Bd2 80. Kh5 Kf8 81. g6 Bc3 82. Kg4 Bb2 83. Kf5 Bc3 84. Bc4 Bb2
85. Bd5 Bc3 86. Bb3 Bb2 87. Kg4 Bc3 88. Kf3 Bb2 89. Ke2 Bc3 90. Kd1 Be5 91. Bd5
Bd4 92. Kc2 Be5 93. Kd3 Bb2 94. Ke4 Ba1 95. Kf5 Bb2 96. Ke6 Ba1 1/2-1/2

[Event "FIDE Open World Blitz 2021"]
[Site "Warsaw"]
[Date "2021.12.30"]
[Round "20.17"]
[White "Gabuzyan, Hovhannes"]
[Black "Samunenkov, Ihor"]
[Result "1/2-1/2"]
[WhiteElo "2580"]
[BlackElo "2348"]
[Annotator "ChessBase"]
[PlyCount "105"]
[EventDate "2021.12.29"]
[EventType "swiss"]
[EventCountry "POL"]
[Tiebreak "Cut1 Buchholz"]
[SourceTitle "playchess.com"]
[Source "ChessBase"]
[SourceQuality "1"]

1. e4 c6 2. d4 d5 3. exd5 cxd5 4. Bd3 Nc6 5. c3 Qc7 6. Ne2 Bg4 7. O-O Bh5 8.
Bf4 Qxf4 9. Nxf4 Bxd1 10. Rxd1 e6 11. c4 dxc4 12. Bxc4 Bd6 13. Ne2 Nf6 14. Nbc3
O-O 15. d5 exd5 16. Nxd5 Be5 17. Nxf6+ Bxf6 18. Rd7 Ne5 19. Rc7 Nxc4 20. Rxc4
Rac8 21. Rac1 Rxc4 22. Rxc4 Rd8 23. g3 g6 24. Rc2 h5 25. b3 Rd7 26. Kg2 Kg7 27.
h3 a6 28. Nf4 Be5 29. Ne2 Rc7 30. Rd2 Kf6 31. Ng1 Ke6 32. Re2 Kd6 33. g4 hxg4
34. hxg4 Bf4 35. Nh3 Bc1 36. f3 b5 37. Kg3 a5 38. Nf2 a4 39. Ne4+ Kd7 40. bxa4
bxa4 41. f4 a3 42. f5 gxf5 43. gxf5 Bb2 44. Kf4 Rc1 45. Nd2 Rc2 46. Kf3 Rc5 47.
Kg4 Rc2 48. Kf3 Rc3+ 49. Ke4 Rc2 50. Kd3 Rc3+ 51. Ke4 Rc2 52. Kd3 Rc3+ 53. Ke4
1/2-1/2

[Event "FIDE Open World Blitz 2021"]
[Site "Warsaw"]
[Date "2021.12.30"]
[Round "20.18"]
[White "Onyshchuk, Volodymyr"]
[Black "Santos Latasa, Jaime"]
[Result "1-0"]
[WhiteElo "2622"]
[BlackElo "2561"]
[Annotator "ChessBase"]
[PlyCount "83"]
[EventDate "2021.12.29"]
[EventType "swiss"]
[EventCountry "POL"]
[Tiebreak "Cut1 Buchholz"]
[SourceTitle "playchess.com"]
[Source "ChessBase"]
[SourceQuality "1"]

1. e4 e5 2. Nf3 Nc6 3. Bc4 Bc5 4. c3 Nf6 5. d3 d6 6. Nbd2 O-O 7. O-O a5 8. h3
h6 9. Re1 Be6 10. Bb5 Qb8 11. a4 Qa7 12. Qe2 Ne7 13. d4 exd4 14. Nxd4 Ng6 15.
N2f3 c6 16. Bd3 Rfe8 17. Be3 Bd7 18. Qc2 Ne5 19. Be2 d5 20. Nxe5 Rxe5 21. exd5
Nxd5 22. Bc4 Rae8 23. Rad1 Qb6 24. Qd2 Nxe3 25. fxe3 Bxd4 26. cxd4 R5e7 27. b3
Be6 28. Qd3 Qd8 29. e4 Bf5 30. Qf3 Bxe4 31. Rxe4 Rxe4 32. Bxf7+ Kh8 33. Bxe8
Qxe8 34. Kh2 Qe7 35. Qg3 Re3 36. Qf4 Rxb3 37. d5 cxd5 38. Rxd5 Rb4 39. Qb8+ Kh7
40. Rd8 Qg5 41. Rh8+ Kg6 42. Qe8+ 1-0

[Event "FIDE Open World Blitz 2021"]
[Site "Warsaw"]
[Date "2021.12.30"]
[Round "20.18"]
[White "Dvirnyy, Danyyil"]
[Black "Dragnev, Valentin"]
[Result "1-0"]
[WhiteElo "2493"]
[BlackElo "2396"]
[Annotator "ChessBase"]
[PlyCount "85"]
[EventDate "2021.12.29"]
[EventType "swiss"]
[EventCountry "POL"]
[Tiebreak "Cut1 Buchholz"]
[SourceTitle "playchess.com"]
[Source "ChessBase"]
[SourceQuality "1"]

1. e4 d5 2. exd5 Qxd5 3. Nc3 Qa5 4. d4 Nf6 5. Nf3 Bf5 6. Bc4 Nbd7 7. Bd2 c6 8.
Qe2 Qc7 9. O-O-O e6 10. Nh4 Bg6 11. Nxg6 hxg6 12. d5 cxd5 13. Nxd5 Nxd5 14.
Bxd5 Be7 15. Bb3 O-O 16. h4 Nc5 17. h5 Nxb3+ 18. axb3 g5 19. h6 g6 20. h7+ Kg7
21. Bc3+ Bf6 22. Bxf6+ Kxf6 23. Qe3 Qf4 24. Rd7 Rab8 25. g3 Qxe3+ 26. fxe3 Kg7
27. Rf1 g4 28. c4 Kxh7 29. Rfxf7+ Rxf7 30. Rxf7+ Kh6 31. Kd2 Kg5 32. c5 Rc8 33.
b4 a5 34. bxa5 Rxc5 35. b4 Rb5 36. Kc3 Re5 37. Kd4 Rd5+ 38. Kc4 Re5 39. Rxb7
Rxe3 40. a6 Rxg3 41. a7 Ra3 42. Rb5+ Kh4 43. Ra5 1-0

[Event "FIDE Open World Blitz 2021"]
[Site "Warsaw"]
[Date "2021.12.30"]
[Round "20.19"]
[White "Sjugirov, Sanan"]
[Black "Maghsoodloo, Parham"]
[Result "0-1"]
[WhiteElo "2589"]
[BlackElo "2706"]
[Annotator "ChessBase"]
[PlyCount "54"]
[EventDate "2021.12.29"]
[EventType "swiss"]
[EventCountry "POL"]
[Tiebreak "Cut1 Buchholz"]
[SourceTitle "playchess.com"]
[Source "ChessBase"]
[SourceQuality "1"]

1. e4 c5 2. Nf3 Nc6 3. d4 cxd4 4. Nxd4 e5 5. Nb3 Nf6 6. Bg5 Be7 7. Bxf6 Bxf6 8.
Nc3 d6 9. Nd5 Bg5 10. g3 O-O 11. h4 Bh6 12. Bg2 Be6 13. O-O a5 14. a3 a4 15.
Nc1 Bxd5 16. Qxd5 Nd4 17. c3 Bxc1 18. cxd4 Bxb2 19. Rab1 Ra5 20. Qa2 Bxd4 21.
Rxb7 Qf6 22. Kh2 h5 23. Bh3 Rc5 24. f4 Rc3 25. Qd5 Qg6 26. g4 hxg4 27. Bg2 Qh5
0-1

[Event "FIDE Open World Blitz 2021"]
[Site "Warsaw"]
[Date "2021.12.30"]
[Round "20.19"]
[White "Dziuba, Marcin"]
[Black "Postny, Evgeny"]
[Result "1-0"]
[WhiteElo "2568"]
[BlackElo "2557"]
[Annotator "ChessBase"]
[PlyCount "111"]
[EventDate "2021.12.29"]
[EventType "swiss"]
[EventCountry "POL"]
[Tiebreak "Cut1 Buchholz"]
[SourceTitle "playchess.com"]
[Source "ChessBase"]
[SourceQuality "1"]

1. Nf3 d5 2. g3 Nd7 3. d4 Nb6 4. Bg2 Bf5 5. O-O e6 6. Nc3 h6 7. Ne5 Nf6 8. a4
a5 9. f3 Bb4 10. e4 Bh7 11. Ne2 O-O 12. c3 Be7 13. exd5 Nbxd5 14. Nf4 c5 15.
Nxd5 Qxd5 16. Be3 cxd4 17. Qxd4 Qb3 18. Qb6 Qxb6 19. Bxb6 Nd5 20. Bf2 Rac8 21.
Rfd1 Rfd8 22. f4 g5 23. Bxd5 Rxd5 24. Rxd5 exd5 25. Be3 Be4 26. Kf2 gxf4 27.
Bxf4 d4 28. cxd4 Rc2+ 29. Ke3 Bd5 30. h4 Rxb2 31. Bxh6 Rb3+ 32. Kf2 f6 33. Ng6
Bb4 34. Nf4 Be4 35. Ne2 Rf3+ 36. Kg1 Bd3 37. Ra2 Be1 38. Bf4 Rf2 39. Nc1 Rxa2
40. Nxa2 Bc2 41. Kf1 Bb4 42. Nxb4 axb4 43. Bd2 Bxa4 44. Bxb4 Bd1 45. d5 Kf7 46.
Kf2 Bb3 47. d6 Ke6 48. Ke3 Bd1 49. Kf4 Be2 50. g4 Bd1 51. h5 Bc2 52. g5 fxg5+
53. Kxg5 Bb1 54. Kh6 Bd3 55. Kg7 Kd7 56. h6 1-0

[Event "FIDE Open World Blitz 2021"]
[Site "Warsaw"]
[Date "2021.12.30"]
[Round "20.20"]
[White "Salem, A.R. Saleh"]
[Black "Mastrovasilis, Dimitrios"]
[Result "1-0"]
[WhiteElo "2690"]
[BlackElo "2577"]
[Annotator "ChessBase"]
[PlyCount "94"]
[EventDate "2021.12.29"]
[EventType "swiss"]
[EventCountry "POL"]
[Tiebreak "Cut1 Buchholz"]
[SourceTitle "playchess.com"]
[Source "ChessBase"]
[SourceQuality "1"]

1. d4 d5 2. c4 e6 3. Nc3 Nf6 4. cxd5 exd5 5. Bg5 c6 6. e3 h6 7. Bh4 Be6 8. Bd3
Nbd7 9. Nge2 g5 10. Bg3 Nh5 11. Qc2 Nxg3 12. Nxg3 h5 13. O-O-O Qf6 14. Nf5
O-O-O 15. h3 h4 16. Kb1 Kb8 17. Rhf1 Rg8 18. g4 Nb6 19. f4 Bxf5 20. Bxf5 Nc4
21. Qd3 Bd6 22. Ne4 Qe7 23. Nxg5 Qxe3 24. Nxf7 Bxf4 25. Nxd8 Rxd8 26. Qxe3 Bxe3
27. Rfe1 Bg5 28. Rd3 a5 29. b3 Na3+ 30. Kb2 Nb5 31. Re6 Rf8 32. a4 Nc7 33. Rg6
Bf6 34. Kc2 Na6 35. Rd2 Nb4+ 36. Kd1 Ka7 37. Ke2 Re8+ 38. Kf3 Bh8 39. Re6 Rf8
40. Kf4 Na6 41. Re7 Bf6 42. Rd7 Nb4 43. g5 Bd8 44. g6 Bf6 45. Rf7 Rxf7 46. gxf7
Bg7 47. Rg2 Bh6+ 1-0

[Event "FIDE Open World Blitz 2021"]
[Site "Warsaw"]
[Date "2021.12.30"]
[Round "20.20"]
[White "Nasuta, Grzegorz"]
[Black "Carlsson, Pontus"]
[Result "1-0"]
[WhiteElo "2377"]
[BlackElo "2457"]
[Annotator "ChessBase"]
[PlyCount "107"]
[EventDate "2021.12.29"]
[EventType "swiss"]
[EventCountry "POL"]
[Tiebreak "Cut1 Buchholz"]
[SourceTitle "playchess.com"]
[Source "ChessBase"]
[SourceQuality "1"]

1. e4 c5 2. Nf3 d6 3. d4 Nf6 4. Nc3 cxd4 5. Nxd4 g6 6. Be3 Bg7 7. f3 O-O 8. Qd2
Nc6 9. O-O-O Bd7 10. g4 Rc8 11. h4 Ne5 12. h5 Qa5 13. Kb1 Nxf3 14. Nxf3 Rxc3
15. Qxc3 Qxc3 16. bxc3 Bxg4 17. Bg2 Nxe4 18. Bd4 e5 19. Rhe1 d5 20. Nxe5 Bxd1
21. Rxd1 Re8 22. Bxe4 dxe4 23. Ng4 Rd8 24. h6 Bh8 25. Re1 f5 26. Nf6+ Bxf6 27.
Bxf6 Rd6 28. Bg5 Kf7 29. Kc1 b5 30. Rd1 Ke6 31. Rd4 a5 32. Kd2 Rxd4+ 33. cxd4
Kd5 34. Ke3 Kc4 35. Bf4 b4 36. Bg5 a4 37. Bf4 Kd5 38. Bg5 Kc4 39. Bf6 Kd5 40.
Kf4 Kc4 41. Be5 Kd5 42. Bg7 Kc4 43. Bf6 Kd5 44. Be5 Kc4 45. Bg7 Kd5 46. Bf6 Kc4
47. Ke5 Kc3 48. d5 Kxc2 49. d6 e3 50. d7 e2 51. Bh4 b3 52. axb3 a3 53. d8=Q a2
54. Qa5 1-0

[Event "FIDE Open World Blitz 2021"]
[Site "Warsaw"]
[Date "2021.12.30"]
[Round "20.21"]
[White "Matlakov, Maxim"]
[Black "Harsha, Bharathakoti"]
[Result "1-0"]
[WhiteElo "2614"]
[BlackElo "2576"]
[Annotator "ChessBase"]
[PlyCount "116"]
[EventDate "2021.12.29"]
[EventType "swiss"]
[EventCountry "POL"]
[Tiebreak "Cut1 Buchholz"]
[SourceTitle "playchess.com"]
[Source "ChessBase"]
[SourceQuality "1"]

1. d4 Nf6 2. Nf3 g6 3. g3 b6 4. Bg2 Bb7 5. c4 Bg7 6. O-O O-O 7. d5 b5 8. Qb3 a6
9. a4 Qc8 10. axb5 axb5 11. Rxa8 Bxa8 12. Qxb5 c6 13. dxc6 Bxc6 14. Qb3 Na6 15.
Nc3 Qa8 16. Qa3 d6 17. b4 Bb7 18. Be3 Ng4 19. Bg5 Rc8 20. Qb3 Ne5 21. Nd5 Bxd5
22. cxd5 Nxf3+ 23. Bxf3 Qb7 24. Rb1 h6 25. Bd2 Qb5 26. Kg2 h5 27. Qe3 Bf6 28.
h4 Rc2 29. Be4 Ra2 30. Kg1 Nc7 31. Bd3 Qxd5 32. b5 Bd4 33. Qg5 Bb6 34. Qxd5
Nxd5 35. Bg5 Nc3 36. Re1 Kf8 37. Kg2 Rb2 38. Rc1 Nxe2 39. Rc8+ Kg7 40. Bxe7 Nd4
41. Bxd6 Kf6 42. Bc7 Bxc7 43. Rxc7 Rb3 44. Bc4 Rb4 45. Rc5 Ke7 46. Re5+ Kf6 47.
Rc5 Ke7 48. Bf1 Kd6 49. Rc4 Rxc4 50. Bxc4 f6 51. Bf7 g5 52. b6 gxh4 53. gxh4
Kc6 54. Bxh5 Kxb6 55. Bg6 Ne6 56. h5 Kc7 57. Kg3 Kd6 58. h6 Kd5 1-0

[Event "FIDE Open World Blitz 2021"]
[Site "Warsaw"]
[Date "2021.12.30"]
[Round "20.21"]
[White "Lopusiewicz, Piotr"]
[Black "Costachi, Mihnea"]
[Result "0-1"]
[WhiteElo "2279"]
[BlackElo "2463"]
[Annotator "ChessBase"]
[PlyCount "84"]
[EventDate "2021.12.29"]
[EventType "swiss"]
[EventCountry "POL"]
[Tiebreak "Cut1 Buchholz"]
[SourceTitle "playchess.com"]
[Source "ChessBase"]
[SourceQuality "1"]

1. d4 Nf6 2. c4 g6 3. Nc3 Bg7 4. e4 d6 5. Nf3 O-O 6. Be2 Na6 7. O-O e5 8. Re1
c6 9. d5 c5 10. Kh1 h6 11. Bd2 Ng4 12. Rf1 f5 13. a3 f4 14. h3 Nf6 15. Nh2 h5
16. Rb1 Qe8 17. Nf3 Nh7 18. Ng1 Nf6 19. Nf3 Bh6 20. b4 b6 21. Nh2 Qf7 22. Nb5
Nxe4 23. Bd3 Nxd2 24. Qxd2 Qf6 25. Qc2 Bf5 26. Nf3 Rf7 27. Rfe1 Raf8 28. Bxf5
gxf5 29. Nxd6 Qxd6 30. Rxe5 Nc7 31. Rbe1 Bg7 32. R5e2 cxb4 33. axb4 Qxb4 34.
Ng5 Rd7 35. Qd3 Qd6 36. Qf3 Qg6 37. h4 Bf6 38. Ne6 Nxe6 39. Rxe6 Qg4 40. Qd3
Rg7 41. g3 Qh3+ 42. Kg1 fxg3 0-1

[Event "FIDE Open World Blitz 2021"]
[Site "Warsaw"]
[Date "2021.12.30"]
[Round "20.22"]
[White "Vokhidov, Shamsiddin"]
[Black "Muradli, Mahammad"]
[Result "0-1"]
[WhiteElo "2613"]
[BlackElo "2571"]
[Annotator "ChessBase"]
[PlyCount "136"]
[EventDate "2021.12.29"]
[EventType "swiss"]
[EventCountry "POL"]
[Tiebreak "Cut1 Buchholz"]
[SourceTitle "playchess.com"]
[Source "ChessBase"]
[SourceQuality "1"]

1. e4 c5 2. Nf3 d6 3. Bb5+ Bd7 4. Bxd7+ Nxd7 5. O-O Ngf6 6. Qe2 e6 7. c4 Ne5 8.
Nxe5 dxe5 9. d3 Be7 10. Nc3 O-O 11. f4 exf4 12. Bxf4 Nd7 13. e5 Nb8 14. Ne4 Nc6
15. Kh1 b6 16. Qf3 Nd4 17. Qg4 Kh8 18. Rf2 f5 19. exf6 gxf6 20. Raf1 Qe8 21.
Qh4 Qg6 22. Ng3 Rf7 23. Be3 Rd8 24. Qe4 f5 25. Qf4 Bf6 26. Qh6 Nc6 27. Nh5 Bd4
28. Bxd4+ Nxd4 29. Qxg6 hxg6 30. Nf4 Kg7 31. Re1 Kf6 32. g4 e5 33. g5+ Kxg5 34.
Rg1+ Kf6 35. Rxg6+ Ke7 36. Nd5+ Kd7 37. Nf6+ Kc7 38. h4 Rdf8 39. Nd5+ Kb7 40.
h5 Rh8 41. h6 f4 42. Kg1 Nf5 43. Rh2 Rfh7 44. Rh5 Rxh6 45. Rgxh6 Nxh6 46. Rxe5
Ng4 47. Re7+ Kb8 48. Nxf4 Rg8 49. Kh1 Nf2+ 50. Kh2 Rg4 51. Rf7 Nd1 52. Kh3 Rg8
53. b3 Nc3 54. Ne6 Nxa2 55. d4 cxd4 56. Nxd4 Nb4 57. Nb5 a6 58. Nd6 Ka8 59. Nf5
Rd8 60. Kg4 Rd3 61. Rf8+ Kb7 62. Rf7+ Kc6 63. Rf6+ Kc5 64. Ng3 Rxb3 65. Ne4+
Kd4 66. Nd2 Rb2 67. Rxb6 Kc5 68. Rb8 Rxd2 0-1

[Event "FIDE Open World Blitz 2021"]
[Site "Warsaw"]
[Date "2021.12.30"]
[Round "20.22"]
[White "Thybo, Jesper Sondergaard"]
[Black "Kolosowski, Mateusz"]
[Result "1-0"]
[WhiteElo "2195"]
[BlackElo "2444"]
[Annotator "NA"]
[PlyCount "95"]
[EventDate "2021.12.29"]
[EventType "swiss"]
[EventCountry "POL"]
[Tiebreak "Cut1 Buchholz"]
[SourceTitle "playchess.com"]
[Source "ChessBase"]
[SourceQuality "1"]

1. d4 Nf6 2. Nf3 g6 3. Bf4 Bg7 4. e3 O-O 5. Be2 d6 6. h3 c5 7. Nbd2 b6 8. O-O
Bb7 9. a4 Nbd7 10. a5 Qc7 11. c3 Rad8 12. axb6 axb6 13. Ra7 Qb8 14. Qa1 e5 15.
Bh2 Rfe8 16. Bb5 Re7 17. Nc4 Bxf3 18. gxf3 Bf8 19. Rd1 cxd4 20. cxd4 Nh5 21.
Kg2 Ng7 22. Rxd7 Rdxd7 23. Bxd7 Rxd7 24. dxe5 Nf5 25. exd6 Nh4+ 26. Kf1 Nxf3
27. Bg3 Qb7 28. Qb1 Ng5 29. Qd3 Qh1+ 30. Ke2 Qf3+ 31. Ke1 Qh1+ 32. Kd2 Qc6 33.
Ne5 Nf3+ 34. Ke2 Nxe5 35. Bxe5 Qa4 36. Qd5 Qc2+ 37. Rd2 Qa4 38. f4 Qa6+ 39. Qd3
Qb7 40. Qd5 Qa6+ 41. Kf2 b5 42. Rc2 Bxd6 43. Rd2 Qa5 44. Bxd6 Qd8 45. Kg2 Qe8
46. Qe5 Qa8+ 47. Kh2 Qf3 48. Qe8+ 1-0

[Event "FIDE Open World Blitz 2021"]
[Site "Warsaw"]
[Date "2021.12.30"]
[Round "20.23"]
[White "Indjic, Aleksandar"]
[Black "Sanal, Vahap"]
[Result "1-0"]
[WhiteElo "2603"]
[BlackElo "2590"]
[Annotator "ChessBase"]
[PlyCount "127"]
[EventDate "2021.12.29"]
[EventType "swiss"]
[EventCountry "POL"]
[Tiebreak "Cut1 Buchholz"]
[SourceTitle "playchess.com"]
[Source "ChessBase"]
[SourceQuality "1"]

1. d4 Nf6 2. c4 e6 3. Nc3 Bb4 4. Qc2 d5 5. cxd5 exd5 6. Bg5 O-O 7. e3 h6 8. Bh4
Re8 9. a3 Be7 10. Nf3 Nbd7 11. Bd3 c5 12. dxc5 Nxc5 13. O-O b6 14. Rad1 Bb7 15.
Bf5 a6 16. Bg3 Bd6 17. Bh4 Be7 18. Rfe1 Ne6 19. Qb3 g6 20. Bb1 Nc5 21. Qa2 Ncd7
22. Bc2 Nc5 23. Bxf6 Bxf6 24. Nxd5 Bg7 25. b4 Ne6 26. Bb3 Kh8 27. Nf4 Qf6 28.
Nd5 Bxd5 29. Bxd5 Rac8 30. h3 Rc3 31. Rc1 Rec8 32. Rxc3 Rxc3 33. Rd1 Kh7 34. h4
b5 35. Be4 h5 36. Bd5 Bh6 37. Qd2 Rc7 38. Ba2 Rc8 39. Qe2 Nf8 40. g3 Ne6 41.
Kg2 Kg7 42. Rd3 Nf8 43. Qd2 Rc7 44. Rd6 Qc3 45. Qd4+ Qxd4 46. Nxd4 Nd7 47. Rxa6
Ne5 48. Bb3 Rc1 49. Ra7 Rb1 50. Bd5 Rb2 51. Kf1 Kf8 52. Nc6 Nxc6 53. Bxc6 Rb1+
54. Kg2 Rb2 55. Kf3 Bg7 56. Bd5 Bc3 57. Rxf7+ Ke8 58. Rb7 Be1 59. Bc6+ Kf8 60.
Bxb5 Rxf2+ 61. Ke4 Ra2 62. a4 Bxb4 63. Bc4 Rb2 64. a5 1-0

[Event "FIDE Open World Blitz 2021"]
[Site "Warsaw"]
[Date "2021.12.30"]
[Round "20.23"]
[White "Wieczorek, Oskar"]
[Black "Holm, Kristian Stuvik"]
[Result "0-1"]
[WhiteElo "2258"]
[BlackElo "2471"]
[Annotator "ChessBase"]
[PlyCount "66"]
[EventDate "2021.12.29"]
[EventType "swiss"]
[EventCountry "POL"]
[Tiebreak "Cut1 Buchholz"]
[SourceTitle "playchess.com"]
[Source "ChessBase"]
[SourceQuality "1"]

1. e4 c5 2. Nf3 g6 3. d4 cxd4 4. Nxd4 Bg7 5. Nc3 Nc6 6. Be3 Nf6 7. Bc4 O-O 8.
Bb3 d6 9. h3 Bd7 10. O-O Rc8 11. Re1 Na5 12. Qe2 Rxc3 13. bxc3 Nxe4 14. Qd3 Nc5
15. Qd2 Ne4 16. Qd3 Nc5 17. Qd1 Qc7 18. Bg5 e5 19. Ne2 Ne4 20. Bd5 Nxg5 21. Qd2
Ne6 22. Rab1 b6 23. Ng3 Nf4 24. Bf3 Nc4 25. Qd1 Bc6 26. Ne4 d5 27. Nd2 Nxd2 28.
Qxd2 e4 29. Bd1 Rd8 30. Qe3 Bb7 31. Qg3 Be5 32. Qg5 f6 33. Qg4 h5 0-1